福建省地级市 - Statistics

General Stats
  • This quiz has been taken 51 times
  • The average score is 8 of 9
Answer Stats
车牌 人口 地级市 % Correct
A 8,448,000 福州
100%
B 3,199,000 莆田
98%
C 8,879,000 泉州
98%
D 5,308,000 厦门
98%
G 2,455,000 三明
96%
E 5,068,000 漳州
93%
J 3,552,300 宁德
87%
F 2,716,000 龙岩
84%
H 3,136,800 南平
82%
No matching quizzes found
Score Distribution
Percent of People with Each Score
Percentile by Number Answered
Your Score History
You have not taken this quiz